Normal view
MARC view
Entry Término temático
001 - NÚMERO DE CONTROL
- campo de control: 166573
003 - IDENTIFICADOR DEL NÚMERO DE CONTROL
- campo de control: OSt
005 - FECHA Y HORA DE LA ÚLTIMA TRANSACCIÓN
- campo de control: 20220127160942.0
008 - DATOS DE LONGITUD FIJA
- campo de control de longitud fija: 220127|| aca||aabn | a|a d
040 ## - FUENTE DE LA CATALOGACIÓN
- Centro catalogador/agencia de origen: OSt
- Centro/agencia transcriptor: OSt
150 ## - ENCABEZAMIENTO--TÉRMINO DE MATERIA
- Término de materia o nombre geográfico como elemento de entrada: Limón
- Subdivisión general: Plagas Tylenchus semipenetrans Cítricos
- Subdivisión general: Enfermedades por nemátodos
670 ## - FUENTE DE DATOS ENCONTRADOS
- Cita de la fuente: Work cat.: (OSt)201664: González Herrera, Rafael 49055, Exploración parasitològica del limonero en Tecomán, Colima :
